02141nam a2200349 i 4500001001000000003000900010005001700019007000300036008004100039040003000080082002800110100003900138245008300177260001000260264004800270300002700318336002700345337003300372338002800405490004600433500006400479504003300543505083800576590002601414650003201440710010101472830005301573910000701626942001401633952012701647999001701774000017097DO-SdBNP20250306141955.0ta100317s1969 dr ab r 000 0 spa d aDO-SdBNPbspacBNPHUerda a460.07bD542L, 19692221 aDíaz Castillo, Bienvenido92252910aLengua española 0-11 :bteoría y práctica /cBienvenido Díaz Castillo. c1979. aSanto Domingo :bLibreria Dominicana,c1969 a259 paginas. ;c22 cm. 2rdacontentatextobtxt 2rdamediaasin mediaciónbn 2rdacarrieravolumenbnc1 aPublicaciones del Economato Universitario aIncluye datos biográficos del autor en la contracubierta. aBibliografía : p. 257-259. aExpresión oral y escrita 7 -- Breve historia del idioma español 9 -- Difusión del idioma español 14 -- Mapas sobre la difusión del idioma español 16 -- Idiomas modernos 20 -- El Español en Santo Domingo 25 -- Teoría y práctica de la ortografía dudosa 35 -- La frase 73 -- El sujeto 75 -- Orden sintáctico de la frase 83 -- La sintaxis 96 -- Sintaxis figurada 98 -- Los solecismos 108 -- Contorno del vocablo 115 -- Colocación del adjetivo 129 -- Lugar del verbo en la frase 132 -- El gerundio 141 -- La preposición 151 -- La conjunción 155 -- Etimología 157 -- La palabra. Sus clases 179 -- La sinonimia 191 -- Los barbarismos 199 -- Vocablos impropios 211 -- Los arcaísmos 215 -- Normas de redacción para la frase compuesta 221 -- El párrafo 237 -- Modelos de fichas para análisis literario 253 aInventariado, 2023/DG 4aEspañolxEnseñanza94061 aUniversidad Autónoma de Santo DomingobFacultad de Humanidades.bDepartamento de Letras972951 0aPublicaciones del Economato Universitario936818 aDG 2ddccLBS1 00102ddc51708PDaBNPHUbBNPHUcCTd2023-09-11l0oBNPHU PD 460.07 D542L, 1969p2023-5723r2023-09-11w2023-09-11yLBS1 c54672d54672